000 00331nam a22001457a 4500
008 210604b ||||| |||| 00| 0 eng d
020 _a9781256763765
041 _aeng
080 _23rd
_a510
082 _a510
100 _a38
101 _aMAT
245 _aBeginning and Intermediate Algebra
_cElayn M. Gay
942 _2udc
_cBK
999 _c57982
_d57982